[Event "CZE-ch Women 2019"]
[Site "Prague"]
[Date "2019.06.18"]
[Round "4.1"]
[White "Novosadova, Kristyna"]
[Black "Miturova, Magdalena"]
[Result "0-1"]
[WhiteElo "2209"]
[BlackElo "2220"]
[Annotator "NA"]
[PlyCount "72"]
[EventDate "2019.06.15"]
[EventType "tourn"]
[EventCountry "CZE"]
[SourceTitle "playchess.com"]
[Source "ChessBase"]
[SourceQuality "1"]
[TimeControl "40/5400+30:1800+30"]

1. d4 {[%emt 0:00:00]} Nf6 {[%emt 0:00:00]} 2. c4 {[%emt 0:00:00]} e6 {[%emt 0:00:00]} 3. Nf3 {[%emt 0:00:00]} Bb4+ {[%emt 0:00:01]} 4. Bd2 {[%emt 0:00:00]} Qe7 {[%emt 0:00:44]} 5. g3 {[%emt 0:00:21]} Ne4 {[%emt 0:05:38]} 6. a3 {[%emt 0:06:02]} Bxd2+ {[%emt 0:02:05]} 7. Nfxd2 {[%emt 0:07:39]} Nxd2 {[%emt 0:00:55]} 8. Qxd2 {[%emt 0:00:06]} d5 {[%emt 0:04:57]} 9. Nc3 {[%emt 0:05:18]} c6 {[%emt 0:00:17]} 10. b3 {[%emt 0:10:16]} f5 {[%emt 0:09:00]} 11. Bg2 {[%emt 0:01:13]} Nd7 {[%emt 0:01:32]} 12. O-O {[%emt 0:01:10]} Nf6 {[%emt 0:02:57]} 13. f3 {[%emt 0:01:57]} O-O {[%emt 0:02:17]} 14. e4 {[%emt 0:00:33]} b6 {[%emt 0:13:34]} 15. e5 {[%emt 0:11:50]} Ne8 {[%emt 0:03:14]} 16. f4 {[%emt 0:01:51]} Nc7 {[%emt 0:02:25]} 17. Rfc1 {[%emt 0:07:46]} Bb7 {[%emt 0:05:45]} 18. cxd5 {[%emt 0:04:30]} exd5 {[%emt 0:00:58]} 19. Nd1 {[%emt 0:04:36]} Ne6 {[%emt 0:05:36]} 20. b4 {[%emt 0:03:00]} Rad8 {[%emt 0:03:58]} 21. Rab1 {[%emt 0:04:59]} Kh8 {[%emt 0:02:48]} 22. a4 {[%emt 0:01:56]} Ba8 {[%emt 0:00:46]} 23. Nc3 {[%emt 0:06:46]} g5 {[%emt 0:05:19]} 24. Ne2 {[%emt 0:02:54]} c5 {[%emt 0:04:38]} 25. bxc5 {[%emt 0:04:59]} bxc5 {[%emt 0:00:11]} 26. dxc5 {[%emt 0:00:23]} Nxc5 {[%emt 0:06:17]} 27. Qb4 {[%emt 0:00:10]} Rc8 {[%emt 0:00:12]} 28. Nd4 {[%emt 0:00:26]} gxf4 {[%emt 0:03:59]} 29. Nb3 {[%emt 0:03:05]} Qxe5 {[%emt 0:01:13]} 30. Nxc5 {[%emt 0:04:15]} Qe3+ {[%emt 0:00:39]} 31. Kh1 {[%emt 0:03:37]} f3 {[%emt 0:00:11]} 32. Bf1 {[%emt 0:00:12]} d4 {[%emt 0:02:35]} 33. h4 {[%emt 0:00:59]} f4 {[%emt 0:03:06]} 34. Nb7 {[%emt 0:03:24]} fxg3 {[%emt 0:03:17]} 35. Rc2 {[%emt 0:00:46]} Qf4 {[%emt 0:02:53]} 36. Rd2 {[%emt 0:00:22]} Qxh4+ {[%emt 0:00:33]} 0-1

[Event "CZE-ch Women 2019"]
[Site "Prague"]
[Date "2019.06.18"]
[Round "4.2"]
[White "Petrova, Kristyna"]
[Black "Pychova, Nela"]
[Result "1/2-1/2"]
[WhiteElo "2259"]
[BlackElo "2174"]
[Annotator "NA"]
[PlyCount "84"]
[EventDate "2019.06.15"]
[EventType "tourn"]
[EventCountry "CZE"]
[SourceTitle "playchess.com"]
[Source "ChessBase"]
[SourceQuality "1"]
[TimeControl "40/5400+30:1800+30"]

1. Nf3 {[%emt 0:00:00]} Nf6 {[%emt 0:00:02]} 2. c4 {[%emt 0:00:00]} e6 {[%emt 0:01:31]} 3. Nc3 {[%emt 0:00:00]} c5 {[%emt 0:03:43]} 4. g3 {[%emt 0:00:28]} b6 {[%emt 0:01:27]} 5. Bg2 {[%emt 0:00:48]} Bb7 {[%emt 0:00:07]} 6. O-O {[%emt 0:02:33]} Be7 {[%emt 0:00:49]} 7. d4 {[%emt 0:05:20]} cxd4 {[%emt 0:08:11]} 8. Nxd4 {[%emt 0:00:53]} Bxg2 {[%emt 0:00:59]} 9. Kxg2 {[%emt 0:00:05]} a6 {[%emt 0:00:25]} 10. e4 {[%emt 0:04:15]} Qc7 {[%emt 0:05:50]} 11. Be3 {[%emt 0:17:12]} O-O {[%emt 0:02:14]} 12. Rc1 {[%emt 0:00:43]} Qb7 {[%emt 0:01:19]} 13. Qf3 {[%emt 0:04:28]} Ra7 {[%emt 0:05:10]} 14. h3 {[%emt 0:24:12]} d6 {[%emt 0:06:37]} 15. Nb3 {[%emt 0:08:57]} Rc8 {[%emt 0:15:09]} 16. Nd2 {[%emt 0:01:09]} Nc6 {[%emt 0:00:59]} 17. Kg1 {[%emt 0:01:18]} Raa8 {[%emt 0:03:03]} 18. Qe2 {[%emt 0:02:15]} Rab8 {[%emt 0:00:31]} 19. a4 {[%emt 0:04:30]} Nd7 {[%emt 0:01:56]} 20. Rfd1 {[%emt 0:07:40]} Nc5 {[%emt 0:03:22]} 21. Nf3 {[%emt 0:01:09]} Nb3 {[%emt 0:04:11]} 22. Rb1 {[%emt 0:03:42]} Nca5 {[%emt 0:01:37]} 23. Nd4 {[%emt 0:01:21]} Nxd4 {[%emt 0:07:47]} 24. Rxd4 {[%emt 0:00:05]} Nb3 {[%emt 0:00:21]} 25. Rd3 {[%emt 0:05:45]} Qc6 {[%emt 0:10:27]} 26. Qd1 {[%emt 0:00:05]} Qxc4 {[%emt 0:05:46]} 27. Nd5 {[%emt 0:00:23]} exd5 {[%emt 0:00:55]} 28. Rxb3 {[%emt 0:00:24]} dxe4 {[%emt 0:02:22]} 29. Rxb6 {[%emt 0:00:10]} Rxb6 {[%emt 0:00:35]} 30. Bxb6 {[%emt 0:00:02]} Qb4 {[%emt 0:03:24]} 31. Bd4 {[%emt 0:01:24]} Rc4 {[%emt 0:01:53]} 32. Bc3 {[%emt 0:00:12]} Qb6 {[%emt 0:01:05]} 33. Ra1 {[%emt 0:03:43]} Qc6 {[%emt 0:01:15]} 34. Qb3 {[%emt 0:00:41]} Bf8 {[%emt 0:00:59]} 35. a5 {[%emt 0:00:25]} Rc5 {[%emt 0:00:44]} 36. Qb8 {[%emt 0:00:59]} Rb5 {[%emt 0:00:37]} 37. Qd8 {[%emt 0:00:18]} Rb7 {[%emt 0:00:29]} 38. Bxg7 {[%emt 0:00:34]} Kxg7 {[%emt 0:00:13]} 39. Qg5+ {[%emt 0:00:03]} Kh8 {[%emt 0:00:11]} 40. Qf6+ {[%emt 0:00:04]} Kg8 {[%emt 0:00:09]} 41. Qg5+ {[%emt 0:30:19]} Bg7 {[%emt 0:31:24]} 42. Qd8+ {[%emt 0:00:07]} Bf8 {[%emt 0:00:05]} 1/2-1/2

[Event "CZE-ch Women 2019"]
[Site "Prague"]
[Date "2019.06.18"]
[Round "4.3"]
[White "Kanakova, Natalie"]
[Black "Rodshtein, Tereza"]
[Result "1-0"]
[WhiteElo "2201"]
[BlackElo "2213"]
[Annotator "NA"]
[PlyCount "119"]
[EventDate "2019.06.15"]
[EventType "tourn"]
[EventCountry "CZE"]
[SourceTitle "playchess.com"]
[Source "ChessBase"]
[SourceQuality "1"]
[TimeControl "40/5400+30:1800+30"]

1. e4 {[%emt 0:00:00]} e5 {[%emt 0:00:00]} 2. Nf3 {[%emt 0:00:00]} Nc6 {[%emt 0:00:00]} 3. d4 {[%emt 0:00:00]} exd4 {[%emt 0:00:17]} 4. Bc4 {[%emt 0:00:07]} Nf6 {[%emt 0:02:07]} 5. e5 {[%emt 0:00:14]} d5 {[%emt 0:00:14]} 6. Bb5 {[%emt 0:00:06]} Ne4 {[%emt 0:00:39]} 7. Nxd4 {[%emt 0:00:09]} Bd7 {[%emt 0:00:08]} 8. Bxc6 {[%emt 0:00:08]} bxc6 {[%emt 0:00:05]} 9. O-O {[%emt 0:00:24]} Bc5 {[%emt 0:00:50]} 10. f3 {[%emt 0:00:25]} Ng5 {[%emt 0:00:19]} 11. Be3 {[%emt 0:00:30]} Bb6 {[%emt 0:10:27]} 12. f4 {[%emt 0:00:28]} Ne4 {[%emt 0:00:08]} 13. Nd2 {[%emt 0:00:17]} Nxd2 {[%emt 0:04:05]} 14. Qxd2 {[%emt 0:00:07]} c5 {[%emt 0:00:16]} 15. Nf3 {[%emt 0:00:12]} d4 {[%emt 0:02:00]} 16. Bf2 {[%emt 0:00:07]} Bc6 {[%emt 0:00:34]} 17. Qd3 {[%emt 0:00:27]} Qd5 {[%emt 0:08:56]} 18. a4 {[%emt 0:01:07]} c4 {[%emt 0:06:44]} 19. Qd2 {[%emt 0:00:50]} O-O-O {[%emt 0:01:03]} 20. a5 {[%emt 0:13:37]} Bc5 {[%emt 0:00:45]} 21. b4 {[%emt 0:04:29]} c3 {[%emt 0:07:36]} 22. Qd3 {[%emt 0:02:59]} Bxb4 {[%emt 0:01:13]} 23. Rfe1 {[%emt 0:27:46]} Bc5 {[%emt 0:23:10]} 24. e6 {[%emt 0:07:12]} f6 {[%emt 0:01:04]} 25. Rab1 {[%emt 0:03:36]} Rhe8 {[%emt 0:02:25]} 26. f5 {[%emt 0:08:22]} g6 {[%emt 0:00:14]} 27. Bh4 {[%emt 0:02:47]} g5 {[%emt 0:01:37]} 28. Bg3 {[%emt 0:02:13]} Rd6 {[%emt 0:12:09]} 29. Kh1 {[%emt 0:07:17]} Kd8 {[%emt 0:04:41]} 30. Bxd6 {[%emt 0:07:31]} Bxd6 {[%emt 0:02:54]} 31. Qxd4 {[%emt 0:06:33]} Qxf5 {[%emt 0:00:54]} 32. Qxc3 {[%emt 0:00:37]} Be4 {[%emt 0:01:31]} 33. Rb8+ {[%emt 0:03:27]} Ke7 {[%emt 0:00:02]} 34. Rxe8+ {[%emt 0:00:05]} Kxe8 {[%emt 0:00:03]} 35. Qe3 {[%emt 0:00:49]} Bd5 {[%emt 0:01:32]} 36. Qd3 {[%emt 0:02:10]} Qxd3 {[%emt 0:00:22]} 37. cxd3 {[%emt 0:00:01]} Bb4 {[%emt 0:00:07]} 38. Rb1 {[%emt 0:00:44]} c5 {[%emt 0:05:38]} 39. d4 {[%emt 0:00:05]} Bxe6 {[%emt 0:00:39]} 40. dxc5 {[%emt 0:01:05]} Bxc5 {[%emt 0:01:02]} 41. Rc1 {[%emt 0:02:00]} Bb4 {[%emt 0:03:45]} 42. Nd4 {[%emt 0:04:28]} Bd7 {[%emt 0:01:52]} 43. Nc6 {[%emt 0:00:58]} Bxc6 {[%emt 0:01:29]} 44. Rxc6 {[%emt 0:00:04]} Bxa5 {[%emt 0:00:03]} 45. Rxf6 {[%emt 0:00:04]} h5 {[%emt 0:06:09]} 46. Rh6 {[%emt 0:04:16]} h4 {[%emt 0:00:37]} 47. Rh8+ {[%emt 0:01:20]} Kf7 {[%emt 0:00:05]} 48. Rh7+ {[%emt 0:00:04]} Kg6 {[%emt 0:00:04]} 49. Rxa7 {[%emt 0:00:04]} Bd2 {[%emt 0:01:18]} 50. Ra6+ {[%emt 0:02:24]} Kh5 {[%emt 0:00:12]} 51. Kg1 {[%emt 0:01:16]} Be3+ {[%emt 0:00:06]} 52. Kf1 {[%emt 0:00:04]} Bf4 {[%emt 0:00:12]} 53. h3 {[%emt 0:03:34]} g4 {[%emt 0:04:53]} 54. Ra5+ {[%emt 0:01:53]} Bg5 {[%emt 0:00:11]} 55. hxg4+ {[%emt 0:00:14]} Kxg4 {[%emt 0:00:02]} 56. Kf2 {[%emt 0:00:16]} h3 {[%emt 0:05:52]} 57. gxh3+ {[%emt 0:02:05]} Kh4 {[%emt 0:00:05]} 58. Kg2 {[%emt 0:00:05]} Bd2 {[%emt 0:00:31]} 59. Ra4+ {[%emt 0:00:24]} Kh5 {[%emt 0:00:15]} 60. h4 {[%emt 0:00:22]} 1-0

[Event "CZE-ch Women 2019"]
[Site "Prague"]
[Date "2019.06.18"]
[Round "4.4"]
[White "Laurincova, Kristyna"]
[Black "Sikorova, Olga"]
[Result "1/2-1/2"]
[WhiteElo "1984"]
[BlackElo "2248"]
[Annotator "NA"]
[PlyCount "119"]
[EventDate "2019.06.15"]
[EventType "tourn"]
[EventCountry "CZE"]
[SourceTitle "playchess.com"]
[Source "ChessBase"]
[SourceQuality "1"]
[TimeControl "40/5400+30:1800+30"]

1. e4 {[%emt 0:00:00]} e6 {[%emt 0:00:00]} 2. d4 {[%emt 0:00:00]} d5 {[%emt 0:00:00]} 3. Nd2 {[%emt 0:00:00]} c5 {[%emt 0:00:00]} 4. exd5 {[%emt 0:00:00]} Qxd5 {[%emt 0:00:00]} 5. Ngf3 {[%emt 0:00:05]} cxd4 {[%emt 0:00:08]} 6. Bc4 {[%emt 0:00:07]} Qd6 {[%emt 0:00:05]} 7. Qe2 {[%emt 0:00:32]} Nf6 {[%emt 0:04:19]} 8. Nb3 {[%emt 0:00:25]} Nc6 {[%emt 0:05:31]} 9. Bg5 {[%emt 0:00:31]} Be7 {[%emt 0:04:43]} 10. O-O-O {[%emt 0:02:07]} a6 {[%emt 0:08:10]} 11. Kb1 {[%emt 0:04:59]} b5 {[%emt 0:07:25]} 12. Bd3 {[%emt 0:03:51]} O-O {[%emt 0:05:54]} 13. Nbxd4 {[%emt 0:04:30]} Nxd4 {[%emt 0:00:29]} 14. Nxd4 {[%emt 0:00:08]} Qc7 {[%emt 0:04:22]} 15. Rhe1 {[%emt 0:05:16]} Re8 {[%emt 0:07:58]} 16. Nf3 {[%emt 0:02:07]} Bb7 {[%emt 0:01:29]} 17. Ne5 {[%emt 0:08:54]} Bd5 {[%emt 0:05:39]} 18. Ng4 {[%emt 0:20:55]} Nxg4 {[%emt 0:13:50]} 19. Bxe7 {[%emt 0:06:00]} Nxf2 {[%emt 0:09:48]} 20. Qxf2 {[%emt 0:00:02]} Qxe7 {[%emt 0:08:28]} 21. Bxh7+ {[%emt 0:00:03]} Kxh7 {[%emt 0:00:16]} 22. Rxd5 {[%emt 0:00:04]} Rad8 {[%emt 0:02:47]} 23. Rh5+ {[%emt 0:02:46]} Kg8 {[%emt 0:00:19]} 24. a3 {[%emt 0:03:30]} Qf6 {[%emt 0:03:32]} 25. Qxf6 {[%emt 0:02:20]} gxf6 {[%emt 0:00:02]} 26. Kc1 {[%emt 0:02:52]} Kg7 {[%emt 0:00:50]} 27. Re3 {[%emt 0:01:26]} f5 {[%emt 0:01:04]} 28. Rg3+ {[%emt 0:03:03]} Kf6 {[%emt 0:00:15]} 29. Rh6+ {[%emt 0:00:21]} Ke5 {[%emt 0:00:25]} 30. Re3+ {[%emt 0:00:47]} Kd4 {[%emt 0:02:35]} 31. Rd3+ {[%emt 0:00:01]} Ke4 {[%emt 0:00:58]} 32. Rhh3 {[%emt 0:05:39]} f4 {[%emt 0:00:59]} 33. Kd2 {[%emt 0:00:30]} Rg8 {[%emt 0:01:32]} 34. Rxd8 {[%emt 0:01:12]} Rxd8+ {[%emt 0:00:01]} 35. Ke2 {[%emt 0:00:48]} Rg8 {[%emt 0:00:23]} 36. Kf2 {[%emt 0:02:19]} Rc8 {[%emt 0:00:24]} 37. c3 {[%emt 0:01:31]} a5 {[%emt 0:00:05]} 38. Ke2 {[%emt 0:03:42]} e5 {[%emt 0:02:12]} 39. Rd3 {[%emt 0:00:02]} Rg8 {[%emt 0:00:40]} 40. g3 {[%emt 0:01:09]} Rh8 {[%emt 0:00:41]} 41. h4 {[%emt 0:31:17]} fxg3 {[%emt 0:01:50]} 42. Rxg3 {[%emt 0:00:00]} Rxh4 {[%emt 0:00:41]} 43. Re3+ {[%emt 0:00:00]} Kd5 {[%emt 0:01:45]} 44. b3 {[%emt 0:00:00]} Rh2+ {[%emt 0:21:30]} 45. Kd3 {[%emt 0:00:00]} e4+ {[%emt 0:00:42]} 46. Rxe4 {[%emt 0:00:00]} Rd2+ {[%emt 0:02:41]} 47. Kxd2 {[%emt 0:00:00]} Kxe4 {[%emt 0:00:32]} 48. a4 {[%emt 0:00:00]} bxa4 {[%emt 0:00:02]} 49. bxa4 {[%emt 0:00:00]} f5 {[%emt 0:02:23]} 50. Ke2 {[%emt 0:00:00]} Kd5 {[%emt 0:01:31]} 51. Kd3 {[%emt 0:00:00]} Kc5 {[%emt 0:00:09]} 52. c4 {[%emt 0:00:00]} Kb4 {[%emt 0:01:48]} 53. Kd4 {[%emt 0:00:00]} Kxa4 {[%emt 0:01:13]} 54. c5 {[%emt 0:00:00]} Kb5 {[%emt 0:00:01]} 55. Kd5 {[%emt 0:00:00]} f4 {[%emt 0:00:28]} 56. c6 {[%emt 0:00:00]} f3 {[%emt 0:00:15]} 57. c7 {[%emt 0:00:00]} f2 {[%emt 0:00:03]} 58. c8=Q {[%emt 0:00:00]} f1=Q {[%emt 0:00:04]} 59. Qc5+ {[%emt 0:00:00]} Ka4 {[%emt 0:00:39]} 60. Qc4+ {[%emt 0:00:00]} 1/2-1/2

[Event "CZE-ch Women 2019"]
[Site "Prague"]
[Date "2019.06.18"]
[Round "4.5"]
[White "Kulovana, Eva"]
[Black "Olsarova, Karolina"]
[Result "1/2-1/2"]
[WhiteElo "2208"]
[BlackElo "2260"]
[Annotator "NA"]
[PlyCount "114"]
[EventDate "2019.06.15"]
[EventType "tourn"]
[EventCountry "CZE"]
[SourceTitle "playchess.com"]
[Source "ChessBase"]
[SourceQuality "1"]
[TimeControl "40/5400+30:1800+30"]

1. e4 {[%emt 0:00:00]} e5 {[%emt 0:00:00]} 2. Nf3 {[%emt 0:00:00]} Nc6 {[%emt 0:00:11]} 3. Bb5 {[%emt 0:00:00]} Nf6 {[%emt 0:00:10]} 4. O-O {[%emt 0:00:03]} Nxe4 {[%emt 0:00:12]} 5. Re1 {[%emt 0:00:31]} Nd6 {[%emt 0:00:11]} 6. Nxe5 {[%emt 0:00:17]} Be7 {[%emt 0:00:17]} 7. Bf1 {[%emt 0:00:29]} Nf5 {[%emt 0:00:13]} 8. Nf3 {[%emt 0:01:15]} O-O {[%emt 0:01:05]} 9. d4 {[%emt 0:00:55]} d5 {[%emt 0:00:09]} 10. h3 {[%emt 0:02:01]} Bf6 {[%emt 0:21:57]} 11. c3 {[%emt 0:00:38]} Nd6 {[%emt 0:04:07]} 12. Bd3 {[%emt 0:02:11]} Bf5 {[%emt 0:01:21]} 13. Bxf5 {[%emt 0:02:17]} Nxf5 {[%emt 0:00:03]} 14. Bf4 {[%emt 0:00:12]} Qd7 {[%emt 0:07:57]} 15. Qd3 {[%emt 0:16:26]} Rfe8 {[%emt 0:08:58]} 16. Nbd2 {[%emt 0:01:05]} Nfe7 {[%emt 0:08:13]} 17. Qb5 {[%emt 0:11:34]} b6 {[%emt 0:02:56]} 18. Qa6 {[%emt 0:03:06]} Ng6 {[%emt 0:05:07]} 19. Bg3 {[%emt 0:00:43]} Be7 {[%emt 0:00:27]} 20. Ne5 {[%emt 0:14:22]} Ncxe5 {[%emt 0:02:27]} 21. Bxe5 {[%emt 0:00:43]} c6 {[%emt 0:03:05]} 22. Nf3 {[%emt 0:01:12]} Bf8 {[%emt 0:00:34]} 23. a4 {[%emt 0:03:46]} Re6 {[%emt 0:03:43]} 24. Bg3 {[%emt 0:03:53]} Qc8 {[%emt 0:03:22]} 25. Qd3 {[%emt 0:03:32]} Bd6 {[%emt 0:02:26]} 26. Rxe6 {[%emt 0:02:11]} Qxe6 {[%emt 0:00:06]} 27. Re1 {[%emt 0:00:24]} Qf6 {[%emt 0:01:04]} 28. Bxd6 {[%emt 0:04:31]} Qxd6 {[%emt 0:00:02]} 29. g3 {[%emt 0:00:52]} Qd7 {[%emt 0:05:33]} 30. Kg2 {[%emt 0:04:00]} Re8 {[%emt 0:01:57]} 31. Rxe8+ {[%emt 0:04:32]} Qxe8 {[%emt 0:00:03]} 32. Qf5 {[%emt 0:00:25]} h6 {[%emt 0:05:00]} 33. h4 {[%emt 0:01:22]} Nf8 {[%emt 0:08:34]} 34. Qf4 {[%emt 0:05:01]} c5 {[%emt 0:01:47]} 35. dxc5 {[%emt 0:01:22]} bxc5 {[%emt 0:00:03]} 36. Qd6 {[%emt 0:00:24]} Qxa4 {[%emt 0:01:17]} 37. Qxc5 {[%emt 0:00:29]} Qd7 {[%emt 0:01:41]} 38. Ne5 {[%emt 0:03:51]} Qe6 {[%emt 0:01:19]} 39. Nc6 {[%emt 0:03:42]} Ng6 {[%emt 0:00:06]} 40. Kh2 {[%emt 0:02:03]} Kh7 {[%emt 0:01:34]} 41. Nb4 {[%emt 0:11:45]} Qe5 {[%emt 0:09:40]} 42. Qxa7 {[%emt 0:09:54]} Nxh4 {[%emt 0:08:04]} 43. Qxf7 {[%emt 0:00:37]} d4 {[%emt 0:00:18]} 44. Qf4 {[%emt 0:07:37]} Qxf4 {[%emt 0:01:24]} 45. gxf4 {[%emt 0:00:05]} dxc3 {[%emt 0:00:14]} 46. bxc3 {[%emt 0:00:05]} Nf3+ {[%emt 0:02:10]} 47. Kg3 {[%emt 0:01:25]} Nd2 {[%emt 0:00:10]} 48. Nd5 {[%emt 0:00:29]} Kg6 {[%emt 0:00:38]} 49. Kg4 {[%emt 0:02:01]} h5+ {[%emt 0:00:23]} 50. Kh4 {[%emt 0:00:18]} Kf5 {[%emt 0:04:37]} 51. Kg3 {[%emt 0:03:36]} Ke6 {[%emt 0:01:59]} 52. Nc7+ {[%emt 0:00:42]} Kf5 {[%emt 0:00:29]} 53. f3 {[%emt 0:00:25]} h4+ {[%emt 0:01:49]} 54. Kxh4 {[%emt 0:00:14]} Kxf4 {[%emt 0:00:08]} 55. Ne6+ {[%emt 0:00:13]} Kxf3 {[%emt 0:00:15]} 56. Nxg7 {[%emt 0:00:05]} Ke4 {[%emt 0:00:19]} 57. Ne6 {[%emt 0:00:38]} Ke5 1/2-1/2

[Event "CZE-ch Women 2019"]
[Site "Prague"]
[Date "2019.06.19"]
[Round "5.1"]
[White "Olsarova, Karolina"]
[Black "Novosadova, Kristyna"]
[Result "1-0"]
[WhiteElo "2260"]
[BlackElo "2209"]
[Annotator "NA"]
[PlyCount "79"]
[EventDate "2019.06.15"]
[EventType "tourn"]
[EventCountry "CZE"]
[SourceTitle "playchess.com"]
[Source "ChessBase"]
[SourceQuality "1"]
[TimeControl "40/5400+30:1800+30"]

1. e4 {[%emt 0:00:00]} c5 {[%emt 0:00:00]} 2. Nf3 {[%emt 0:00:00]} a6 {[%emt 0:00:00]} 3. c4 {[%emt 0:00:00]} Nc6 {[%emt 0:00:00]} 4. Be2 {[%emt 0:00:38]} e5 {[%emt 0:02:33]} 5. O-O {[%emt 0:00:40]} d6 {[%emt 0:00:36]} 6. Nc3 {[%emt 0:03:39]} f5 {[%emt 0:00:35]} 7. exf5 {[%emt 0:03:55]} Bxf5 {[%emt 0:00:38]} 8. d3 {[%emt 0:00:47]} h6 {[%emt 0:01:33]} 9. Nd2 {[%emt 0:03:43]} Nf6 {[%emt 0:05:32]} 10. Nde4 {[%emt 0:09:17]} g6 {[%emt 0:14:08]} 11. Be3 {[%emt 0:07:12]} Bg7 {[%emt 0:03:17]} 12. Qd2 {[%emt 0:00:29]} Qd7 {[%emt 0:24:06]} 13. a3 {[%emt 0:13:53]} Nd4 {[%emt 0:03:58]} 14. Rab1 {[%emt 0:01:12]} Bxe4 {[%emt 0:22:48]} 15. dxe4 {[%emt 0:04:56]} O-O {[%emt 0:03:40]} 16. Bxh6 {[%emt 0:10:53]} Nxe2+ {[%emt 0:06:15]} 17. Nxe2 {[%emt 0:00:03]} Nxe4 {[%emt 0:01:00]} 18. Qd5+ {[%emt 0:00:04]} Qf7 {[%emt 0:00:14]} 19. Qxe4 {[%emt 0:00:04]} Bxh6 {[%emt 0:00:14]} 20. Rbd1 {[%emt 0:00:20]} Rad8 {[%emt 0:00:45]} 21. Rd3 {[%emt 0:00:34]} b5 {[%emt 0:01:56]} 22. b3 {[%emt 0:03:46]} Qf5 {[%emt 0:01:21]} 23. Qd5+ {[%emt 0:03:47]} Kg7 {[%emt 0:01:31]} 24. Ng3 {[%emt 0:01:32]} Qf7 {[%emt 0:02:01]} 25. Ne4 {[%emt 0:01:57]} Qxd5 {[%emt 0:01:21]} 26. Rxd5 {[%emt 0:00:03]} bxc4 {[%emt 0:00:18]} 27. bxc4 {[%emt 0:00:22]} Rf4 {[%emt 0:00:09]} 28. Nxc5 {[%emt 0:10:30]} Kf6 {[%emt 0:01:08]} 29. Nb7 {[%emt 0:00:15]} Rb8 {[%emt 0:01:00]} 30. Rxd6+ {[%emt 0:02:28]} Kg5 {[%emt 0:00:43]} 31. Nd8 {[%emt 0:01:24]} Rxc4 {[%emt 0:00:53]} 32. Nf7+ {[%emt 0:00:36]} Kh5 {[%emt 0:00:09]} 33. Nxe5 {[%emt 0:04:48]} Rc3 {[%emt 0:01:02]} 34. Rxg6 {[%emt 0:02:39]} Bf4 {[%emt 0:00:20]} 35. Rxa6 {[%emt 0:02:02]} Bxe5 {[%emt 0:00:39]} 36. Ra5 {[%emt 0:00:05]} Re8 {[%emt 0:00:37]} 37. f4 {[%emt 0:01:56]} Kg4 {[%emt 0:00:45]} 38. fxe5 {[%emt 0:00:24]} Rc2 {[%emt 0:00:10]} 39. e6 {[%emt 0:01:19]} Rc3 {[%emt 0:00:54]} 40. Raf5 {[%emt 0:01:49]} 1-0